[Event "Hafnarfjordur op"]
[Site "Hafnarfjordur"]
[Date "1996.??.??"]
[Round "2"]
[White "Einarsson, Einar Kristinn"]
[Black "Vidarsson, Jon G"]
[Result "1/2-1/2"]
[WhiteElo "2100"]
[BlackElo "2360"]

1.d4 Nf6 2.Bg5 Ne4 3.Bh4 d5 4.e3 c5 5.f3 Qa5+ 6.Nd2 Nxd2 7.Qxd2 Qxd2+ 8.Kxd2 Nc6
9.c3 e5 10.Re1 Be6 11.dxe5 Nxe5 12.Bb5+ Nc6 13.Ne2 a6 14.Bxc6+ bxc6 15.Nf4 Bd6
16.Nxe6 fxe6 17.c4 Rb8 18.Kc2 Be5 19.Rb1 Rb4 20.b3 dxc4 21.Bg3 Bxg3 22.hxg3 cxb3+
23.Rxb3 O-O 24.Rd1 e5 25.Rd6 e4 26.f4 Rf6 27.Rxf6 gxf6 28.Rxb4 cxb4 29.Kb3 Kf7
30.Kxb4 Ke6 31.Kc5 Kf5 32.Kxc6 Kg4 33.Kd5 Kxg3 34.Kxe4 h5 35.Kf5 Kxg2 36.e4 h4
37.e5 fxe5 38.fxe5 h3 39.e6 h2 40.e7 h1=Q 41.e8=Q Qf1+ 42.Kg5 Qc4 43.a4 Kf2
44.Kf5 Kf3 45.Qh5+ Ke3 46.Qg5+ Kd3 47.Qf4 Qd5+ 48.Kg4 Qg8+ 49.Kf3 Qe6 50.Qb4 Qh3+
51.Kf2 Qe3+ 52.Kg2 Qe2+ 53.Kg3 Kc2 54.Kf4 Qh2+ 55.Ke3 Qg1+ 56.Ke2 Qg2+ 57.Ke3 Qg1+
58.Ke2 Qd1+ 59.Ke3 Qd3+ 60.Kf2 Qf5+ 61.Ke2 Qe6+ 62.Kf3 Kd3 63.Kf2 Qe3+ 64.Kg2 Qe2+
65.Kg3 Qf1 66.Qb3+ Kd4 67.Qb4+ Kd5 68.Qf4 Qe1+ 69.Kf3 Qd1+ 70.Ke3 Qc1+ 71.Kf3 Qc3+
72.Qe3 Qc2 73.Qf4 Qd3+ 74.Kf2 Qg6 75.Ke3 Qg1+ 76.Kd3 Qb1+ 77.Kc3 Qa1+ 78.Kb4 Qe1+
79.Kb3 Qb1+ 80.Kc3 Qa1+ 81.Kb3 Qb1+  1/2-1/2

[Event "Hafnarfjordur op"]
[Site "Hafnarfjordur"]
[Date "1996.??.??"]
[Round "5"]
[White "Einarsson, Einar Kristinn"]
[Black "Viglundsson, Bjorgvin"]
[Result "0-1"]
[WhiteElo "2100"]
[BlackElo "2280"]

1.d4 Nf6 2.Bg5 Ne4 3.Bh4 c5 4.f3 Nf6 5.Bxf6 gxf6 6.e4 cxd4 7.Qxd4 Nc6 8.Qa4 e6
9.Nc3 a6 10.Nge2 Rb8 11.Nd4 b5 12.Nxc6 dxc6 13.Qb3 Bc5 14.Be2 e5 15.Nd1 f5
16.h4 Rg8 17.Kf1 Be6 18.Qc3 Bd4 19.Qxc6+ Ke7 20.Nc3 Rb6 21.Nd5+ Bxd5 22.Qxd5 Qxd5
23.exd5 Bxb2 24.Rb1 Bc3 25.a4 b4 26.Rh3 Rbg6 27.g4 fxg4 28.fxg4 f5 29.g5 e4
30.Bc4 Rc8 31.Bb3 Kd6 32.Ke2 Ke5 33.Rg1 Bd4 34.h5 Rg7 35.Rgg3 f4 36.Rg4 Kf5
37.Rhh4 Be5 38.a5 Rxg5 39.Rxg5+ Kxg5 40.Rh1 Rc5 41.Rd1 Bd6 42.Rd4 Kf5 43.Rxb4 f3+
44.Ke1 e3  0-1

[Event "Hastings9697"]
[Site "Hastings"]
[Date "1996.??.??"]
[Round "7"]
[White "Adams, Michael"]
[Black "Xie Jun"]
[Result "1-0"]
[WhiteElo "2685"]
[BlackElo "2510"]

1.d4 Nf6 2.Bg5 Ne4 3.Bf4 d5 4.e3 c5 5.Bd3 Qb6 6.Bxe4 dxe4 7.Nc3 Qxb2 8.Nge2 Bg4
9.Nxe4 Bxe2 10.Kxe2 cxd4 11.Qd3 f5 12.Ng5 Nc6 13.Ne6 Rc8 14.Rhb1 Qc3 15.Qxc3 dxc3
16.Rxb7 Kf7 17.Nd4 Kf6 18.Bc7 Nxd4+ 19.exd4 a6 20.Ra7 e6 21.Rb1 Be7 22.Be5+  1-0

[Event "NLD-chT9697"]
[Site "Holland"]
[Date "1996.??.??"]
[Round "?"]
[White "Tondivar, Babak"]
[Black "Ligterink, Gert"]
[Result "1/2-1/2"]
[WhiteElo "2300"]
[BlackElo "2450"]

1.d4 Nf6 2.Bg5 Ne4 3.Bf4 c5 4.f3 Qa5+ 5.c3 Nf6 6.Nd2 cxd4 7.Nb3 Qb6 8.Qxd4 Qxd4
9.cxd4 d5 10.e3 e6 11.Bd3 Nc6 12.a3 Be7 13.g4 h5 14.g5 Nd7 15.h4 e5 16.Bg3 exd4
17.exd4 Nb6 18.O-O-O O-O 19.Ne2 a5 20.Bf2 a4 21.Nd2 Bd6 22.Nf1 Ne7 23.Ne3 Re8
24.Rde1 Be6 25.Bg3 Bxg3 26.Nxg3 Nc6 27.Nc2 g6 28.f4 Bg4 29.f5 gxf5 30.Nxf5 Bxf5
31.Bxf5 Na5 32.Bd3 Nbc4 33.Bxc4 Nxc4 34.Nb4 Rad8 35.Kc2 Re4 36.Nxd5 Rxd4
37.Nf6+ Kf8 38.Re2 b5 39.Rhh2 Na5 40.Rd2 Rc8+ 41.Kd1 Rdc4 42.Rc2 Rd4+ 43.Rcd2 Rdc4
44.Rc2 Rd4+  1/2-1/2

[Event "NLD-chT9697"]
[Site "Holland"]
[Date "1996.??.??"]
[Round "?"]
[White "Groffen, Hans"]
[Black "Rogers, Ian"]
[Result "0-1"]
[WhiteElo "2145"]
[BlackElo "2580"]

1.d4 Nf6 2.Bg5 Ne4 3.Bf4 c5 4.d5 Qb6 5.Bc1 e6 6.f3 Nf6 7.c4 exd5 8.cxd5 d6
9.Nc3 g6 10.e4 Bg7 11.Bb5+ Nbd7 12.a4 O-O 13.Be3 Qa5 14.Bf4 Ne5 15.Bxe5 dxe5
16.Qd2 a6 17.Bd3 b5 18.Ra2 b4 19.Nb1 Bh6 20.Qxh6 b3+ 21.Nc3 bxa2 22.Qc1 Qb4
23.Qa1 Rb8 24.Qxa2 Qxb2 25.Qxb2 Rxb2 26.Nge2 Ne8 27.Kd1 Nd6 28.Kc1 Rb4  0-1

[Event "HUN-chT1 9596"]
[Site "HUN"]
[Date "1996.??.??"]
[Round "8"]
[White "Kecskes, Gabor"]
[Black "Certek, Pavel"]
[Result "1-0"]
[WhiteElo "2100"]
[BlackElo "2285"]

1.d4 Nf6 2.Bg5 Ne4 3.Bf4 d5 4.f3 Nf6 5.e4 dxe4 6.Nc3 e3 7.Bc4 c6 8.Nge2 Nbd7
9.Qd3 g6 10.O-O-O Bg7 11.Qxe3 Nb6 12.Bb3 O-O 13.Bh6 a5 14.a4 Nfd5 15.Nxd5 Nxd5
16.Bxd5 cxd5 17.h4 f6 18.h5 g5 19.Bxg7 Kxg7 20.h6+ Kh8 21.g4 Ra6 22.Ng3 Rc6
23.Rd2 Qc7 24.Nh5 e6 25.f4 Rc4 26.fxg5 Rxa4 27.Kb1 e5 28.Nxf6 e4 29.Nxd5 Qc4
30.Nc3 Rb4 31.Qxe4 Qe6 32.Re1 Qxe4 33.Rxe4 Bd7 34.Nd5 Bc6 35.Nxb4 Bxe4 36.Nd3 Bd5
37.b3 b5 38.Ne5 Be4 39.Re2 Bd5 40.Re1 a4 41.Kb2 axb3 42.cxb3 b4 43.Re2 Rg8
44.Nd7 Rxg5 45.Nf6 Bg8 46.d5 Rg6 47.Rf2 Rxh6 48.d6 Rh3 49.Nxg8 Kxg8 50.Rd2  1-0

[Event "HUN-chT1 9697"]
[Site "Hungary"]
[Date "1996.??.??"]
[Round "1"]
[White "Galyas, Miklos"]
[Black "Portisch, Ferenc"]
[Result "1/2-1/2"]
[WhiteElo "2300"]
[BlackElo "2400"]

1.d4 Nf6 2.Bg5 Ne4 3.Bf4 d5 4.f3 Nf6 5.e4 dxe4 6.Nc3 e6 7.fxe4 Bb4 8.Bd3 c5
9.a3 Bxc3+ 10.bxc3 Nc6 11.Nf3 c4 12.Bxc4 Nxe4 13.Qd3 Nd6 14.Bb3 Na5 15.O-O Nxb3
16.cxb3 f6 17.d5 e5 18.Nxe5 fxe5 19.Bxe5 Nf5 20.Rxf5 Bxf5 21.Qxf5 Qd7 22.Qg5 O-O
23.c4 Rf5 24.Qg3 Re8 25.Re1 h6 26.Bd4 Rg5 27.Qf2 Rxe1+ 28.Qxe1 Qg4 29.Qd2 Qe4
30.Bc3 Qb1+ 31.Qe1 Qxb3 32.h4 Rg6 33.h5 Rg5 34.Qe6+ Kh7 35.Qe4+ Kg8 36.Qe8+  1/2-1/2

[Event "IRL-ch"]
[Site "Irland"]
[Date "1996.??.??"]
[Round "7"]
[White "Clarke, Thomas"]
[Black "O'Donovan, Richard"]
[Result "1-0"]
[WhiteElo "2230"]
[BlackElo "2215"]

1.d4 Nf6 2.Bg5 Ne4 3.h4 d5 4.Nd2 Nxd2 5.Qxd2 h6 6.Bf4 Bf5 7.e3 e6 8.Nf3 Be7
9.h5 Nd7 10.Bd3 Bxd3 11.Qxd3 c5 12.e4 dxe4 13.Qxe4 Qb6 14.O-O-O Nf6 15.Qe2 cxd4
16.Be5 O-O 17.Nxd4 Qa5 18.Kb1 Rac8 19.Nb3 Qb4 20.Rd4 Qb6 21.f4 Rfd8 22.Rhd1 Nd5
23.c4 Nb4 24.c5 Qa6 25.Rxd8+ Rxd8 26.Rxd8+ Bxd8 27.Qxa6 Nxa6 28.Bd6 Nb4 29.Nd4 Nc6
30.Nxc6 bxc6 31.b4 a6 32.a4 f6 33.b5 axb5 34.axb5 cxb5 35.c6 Kf7 36.c7 Bxc7
37.Bxc7 g6 38.Kc2 gxh5 39.Kd3 Kg6 40.Ke4 b4 41.Ba5 b3 42.Bc3 h4 43.Bb2 e5
44.fxe5 fxe5 45.Bxe5 Kg5 46.Kf3 Kf5 47.Bc3 h5 48.Bd4 Kg5 49.Be3+ Kf5 50.Bc1 Ke5
51.Kf2 Kd4 52.Kg1 Kd3 53.Kh2 Ke2 54.Kh3 Kf1 55.Kh2 Kf2 56.Bb2 Ke2 57.Bd4 Ke1
58.Kh3 Kf1 59.Bf6 Kg1 60.Bd4+ Kh1 61.Bb2 Kg1 62.Bf6 Kf2 63.Bxh4+ Kg1 64.Bf6 Kf2
65.Bd4+ Ke2 66.Kg3 Kd3 67.Bf6 Ke3 68.Bg7 Ke2 69.Bb2 Ke3 70.Bc1+ Ke2 71.Kf4 Kf2
72.g3 Kg2 73.Bb2 Kf2 74.Be5 Kg2 75.Bd4 Kh2 76.Kf3 Kh3 77.Be5  1-0

[Event "Ischia"]
[Site "Ischia"]
[Date "1996.??.??"]
[Round "5"]
[White "Hodgson, Julian M"]
[Black "Ftacnik, Lubomir"]
[Result "1/2-1/2"]
[WhiteElo "2615"]
[BlackElo "2585"]

1.d4 Nf6 2.Bg5 Ne4 3.Bf4 c5 4.f3 Qa5+ 5.c3 Nf6 6.d5 Qb6 7.Bc1 g6 8.Nh3 d6
9.Nf2 Bg7 10.e4 e6 11.c4 O-O 12.Nc3 exd5 13.cxd5 Na6 14.Be2 Bd7 15.O-O Rac8
16.Bc4 Rfe8 17.a3 Nc7 18.a4 a6 19.Qd3 Na8 20.Bg5 Qc7 21.a5 Rb8 22.Rfe1 h6
23.Bd2 b5 24.axb6 Rxb6 25.b3 Qb8 26.Na4 Bxa4 27.Rxa4 Nc7 28.Ba5 Rb7 29.Bc3 Nb5
30.Ba1 Nd7 31.Bxg7 Kxg7 32.f4 Nd4 33.Rxa6 Nb6 34.b4 Nxc4 35.bxc5 dxc5 36.Qxc4 Rb1
37.Ra1 Rxa1 38.Rxa1 Qxf4 39.Qxc5 Qe3 40.Qa3 Rxe4 41.Qxe3  1/2-1/2

[Event "Ischia"]
[Site "Ischia"]
[Date "1996.??.??"]
[Round "7"]
[White "Hodgson, Julian M"]
[Black "Tseitlin, Mark D"]
[Result "1-0"]
[WhiteElo "2615"]
[BlackElo "2545"]

1.d4 Nf6 2.Bg5 Ne4 3.Bf4 d5 4.e3 c5 5.Bd3 Nc6 6.Bxe4 dxe4 7.d5 Nb4 8.Nc3 e6
9.d6 Qa5 10.Nge2 Bd7 11.O-O f5 12.a3 Nc6 13.b4 cxb4 14.axb4 Qb6 15.b5 Nd8
16.Nd4 Nf7 17.Na4 Qd8 18.Nxe6 Bxe6 19.Nc5 Qc8 20.Qd4 Nd8 21.f3 exf3 22.e4 b6
23.Na6 Qc4 24.Qxc4 Bxc4 25.Nc7+ Kd7 26.Nxa8 Bxf1 27.Rxa7+ Ke6 28.Nc7+ Kd7
29.exf5 fxg2 30.Ne6+ Ke8 31.d7+ Kf7 32.Nxd8+ Kf6 33.Ne6 Be7 34.Bg5+  1-0

[Event "Isle of Man op"]
[Site "Isle of Man"]
[Date "1996.??.??"]
[Round "7"]
[White "Hodgson, Julian M"]
[Black "Tkachiev, Vladislav"]
[Result "1/2-1/2"]
[WhiteElo "2550"]
[BlackElo "2620"]

1.d4 Nf6 2.Bg5 Ne4 3.Bf4 c5 4.f3 Qa5+ 5.c3 Nf6 6.Nd2 cxd4 7.Nb3 Qb6 8.cxd4 e6
9.e4 Nc6 10.Ne2 d5 11.e5 Ng8 12.Nc3 Nge7 13.a3 Nf5 14.Na4 Qd8 15.Qd2  1/2-1/2

[Event "Isle of Man op"]
[Site "Isle of Man"]
[Date "1996.??.??"]
[Round "9"]
[White "Collier, David"]
[Black "Buckley, Graeme"]
[Result "0-1"]
[WhiteElo "2225"]
[BlackElo "2370"]

1.d4 Nf6 2.Bg5 Ne4 3.Bf4 d5 4.f3 Nf6 5.Nc3 c5 6.e4 dxe4 7.d5 exf3 8.Nxf3 g6
9.Bc4 Bg7 10.Qd2 O-O 11.O-O Bg4 12.Rae1 Bxf3 13.Rxf3 Nbd7 14.Bh6 Nb6 15.b3 Nxc4
16.bxc4 Re8 17.Ne4 Nxe4 18.Rxe4 Bf6 19.Bg5 Bxg5 20.Qxg5 e5 21.Rxe5 Qxg5 22.Rxg5 Re4
23.d6 b6 24.Rd5 Rd8 25.d7 Rxc4 26.c3 f5 27.h3 Re4 28.Kf2 Kf7 29.Rfd3 h5 30.Kf3 h4
31.Rd1 Ra4 32.R1d2 Ra3 33.R5d3 g5 34.Re2 Ra4 35.Re5 Rf4+ 36.Ke3 Re4+ 37.Rxe4 fxe4
38.Kxe4 Ke6 39.Rd5 Rxd7 40.Rxg5 Rd2 41.Rg6+ Kf7 42.Rh6 Rxa2 43.Kd5 Rxg2 44.Rxh4 a6
45.Rh6 Rg6 46.Rh7+ Rg7 47.Rh6 Rg5+ 48.Kc6 b5 49.Rh7+ Kg8 50.Rb7 c4 51.Kb6 Rg3
52.Kxa6 Rxc3 53.Rxb5 Ra3+  0-1

[Event "ISR-chT"]
[Site "Israel"]
[Date "1996.??.??"]
[Round "1"]
[White "Kataev, Simcho"]
[Black "Gutman, Lev"]
[Result "0-1"]
[WhiteElo "2355"]
[BlackElo "2450"]

1.d4 Nf6 2.Bg5 Ne4 3.Bf4 c5 4.f3 Nf6 5.d5 Nh5 6.Bc1 e5 7.Nh3 d6 8.Nf2 Be7
9.c4 O-O 10.Nc3 f5 11.e3 g6 12.Be2 Nd7 13.Qc2 a6 14.Bd2 f4 15.e4 Bh4 16.O-O Ndf6
17.Ng4 Nxg4 18.fxg4 Ng3 19.hxg3 Bxg3 20.Be1 Qh4 21.Bxg3 fxg3 22.Rxf8+ Kxf8
23.Bd1 Kg7 24.Kf1 Qh1+ 25.Ke2 Qxg2+ 26.Ke3 Qg1+ 27.Ke2 g2  0-1

[Event "ISR-chT"]
[Site "Israel"]
[Date "1996.??.??"]
[Round "5"]
[White "Kataev, Simcho"]
[Black "Godes, Dmitry R"]
[Result "1/2-1/2"]
[WhiteElo "2355"]
[BlackElo "2400"]

1.d4 Nf6 2.Bg5 Ne4 3.Bf4 c5 4.f3 Nf6 5.dxc5 Qa5+ 6.Nc3 Qxc5 7.Qd2 g6 8.e4 Bg7
9.O-O-O O-O 10.Be3 Qa5 11.Bh6 d6 12.Bxg7 Kxg7 13.Bc4 Nbd7 14.Nge2 Ne5 15.Bb3 b5
16.Nd5 Qxd2+ 17.Rxd2 Nxd5 18.Rxd5 a5 19.Rdd1 Ba6 20.Nf4 Rfc8 21.a3 Rab8 22.Kb1 h5
23.Nd5 Kf8 24.c3 e6 25.Ne3 Ke7 26.Rd2 b4 27.cxb4 axb4 28.a4 h4 29.h3 g5 30.Rhd1 Rc6
31.Rd4 Rbc8 32.Rxb4 Nd3 33.Rd4 Rc1+ 34.Rxc1 Rxc1+ 35.Ka2 Rg1 36.Bc4 Bxc4+
37.Rxc4 Re1 38.Nc2 Re2 39.Rc3 Nc5 40.Ka3 Rxg2 41.b4 Nd7 42.a5 Rg3 43.Ka4 Rxh3
44.Kb5 g4 45.a6 gxf3 46.Rxf3 Rxf3 47.a7  1/2-1/2

[Event "ISR-chT"]
[Site "Israel"]
[Date "1996.??.??"]
[Round "10"]
[White "Kataev, Simcho"]
[Black "Stepak, Yedael"]
[Result "1/2-1/2"]
[WhiteElo "2355"]
[BlackElo "2330"]

1.d4 Nf6 2.Bg5 Ne4 3.Bf4 c5 4.f3 Nf6 5.dxc5 Qa5+ 6.Qd2 Qxc5 7.e4 d6 8.Be3 Qc7
9.Nc3 a6 10.Nge2 e5 11.g4 h6 12.O-O-O Be6 13.Kb1 Nbd7 14.Nd5 Bxd5 15.exd5 b5
16.Ng3 Nb6 17.Bxb6 Qxb6 18.Ne4 Be7 19.Nxf6+ Bxf6 20.h4 Qd8 21.Qh2 g5 22.Bd3 Kf8
23.hxg5 Bxg5 24.Qe2 Rc8 25.Qe4 Rc5 26.c3 Qf6 27.Bc2 Rc4 28.Qf5 Qxf5 29.Bxf5 Kg7
30.a3 Rb8 31.Rhe1 a5 32.Re4 Rc5 33.Bd7 Rc7 34.Bc6 f5 35.Re2 fxg4 36.fxg4 Rf7
37.Re4 Rf2 38.Rde1 Bf4 39.R1e2 Rf1+ 40.Kc2 Rg1 41.Bd7 Rb7 42.Bc8 Rc7 43.Be6 Rc1+
44.Kb3 Rc5 45.Re1 a4+ 46.Ka2 Rc2 47.Kb1 Rd2 48.R4e2 Rd3 49.Kc2 Rg3 50.Rd1 Kf6
51.Rd3 Rg1 52.Rd1 Rxd1 53.Kxd1 Kg5 54.Kc2 Kh4 55.Kd3 Kg3 56.Ke4 Rc4+ 57.Kd3 Kf3
58.Bf5 Bc1 59.Rh2 e4+ 60.Kc2 Bf4 61.Rh1 Kf2 62.Kd1 Bg5 63.Re1 e3 64.Bd3 Rc5
65.Rf1+ Kg3 66.Ke2 Kxg4 67.Bf5+ Kg3 68.Rf3+ Kh2 69.Kf1 e2+ 70.Kxe2 Rxd5 71.Rh3+ Kg2
72.Be4+ Kxh3 73.Bxd5 Bc1 74.Bc6 Bxb2  1/2-1/2

[Event "ISR-chT"]
[Site "Israel"]
[Date "1996.??.??"]
[Round "11"]
[White "Porper, Eduard"]
[Black "Mikhalevski, Victor"]
[Result "0-1"]
[WhiteElo "2425"]
[BlackElo "2495"]

1.d4 Nf6 2.Bg5 Ne4 3.Bf4 d5 4.e3 c5 5.c3 Nc6 6.Bd3 Qb6 7.Qc2 g5 8.Be5 Nxe5
9.dxe5 Bg7 10.Bxe4 dxe4 11.Nd2 Bf5 12.Ne2 O-O-O 13.Nxe4 Bg6 14.O-O Qc6 15.N2g3 h5
16.f4 h4 17.f5 hxg3 18.fxg6 Qxg6 19.Rf5 Rxh2 20.Nxg3 Bxe5 21.Kxh2 Qh5+ 22.Kg1 Bxg3
23.Qe4 Qh2+ 24.Kf1 Rd2 25.Rxc5+ Kb8  0-1

[Event "ITA op"]
[Site "Italy"]
[Date "1996.??.??"]
[Round "?"]
[White "Isonzo, Davide"]
[Black "Schacher, Gerd"]
[Result "1/2-1/2"]
[WhiteElo "2175"]
[BlackElo "2235"]

1.d4 Nf6 2.Bg5 Ne4 3.Bf4 c5 4.f3 Qa5+ 5.c3 Nf6 6.Nd2 cxd4 7.Nb3 Qd8 8.cxd4 g6
9.Rc1 d6 10.e4 Bg7 11.Bd3 O-O 12.Ne2 e5 13.dxe5 Nh5 14.Be3 dxe5 15.O-O Nf4  1/2-1/2

[Event "Karditsa"]
[Site "Karditsa"]
[Date "1996.??.??"]
[Round "2"]
[White "Miladinovic, Igor"]
[Black "Vouldis, Angelos"]
[Result "1/2-1/2"]
[WhiteElo "2560"]
[BlackElo "2425"]

1.d4 Nf6 2.Bg5 Ne4 3.h4 c5 4.dxc5 Nc6 5.Qd5 Qa5+ 6.c3 Nxg5 7.hxg5 e6 8.Qd3 Qxc5
9.Nf3 g6 10.Nbd2 d5 11.e4 Bg7 12.Be2 Bd7 13.Nb3 Qd6 14.Rd1 Ne7 15.Qe3 Qb6
16.Qf4 dxe4 17.Ne5 Bxe5 18.Qxe5 O-O-O 19.Qxe4 Nc6 20.Qf4 e5 21.Qf6 Be6 22.Rh4 Rxd1+
23.Bxd1 Rd8 24.Rxh7 Nb4 25.Rh8 Nd3+ 26.Kf1 Rxh8 27.Qxh8+ Qd8 28.Qh4 Nxb2
29.Bf3 Bf5 30.Qb4 b6 31.Qa3 e4 32.Be2 Nd3 33.Qxa7 Qc7 34.Qxc7+ Kxc7 35.Bxd3 exd3
36.Ke1 Kd6 37.Kd2 Ke5 38.Nd4 Be4 39.g3 Bd5 40.a3 Bc4 41.Ke3 Kd5 42.Nf3 Bb5
43.Ne1 Kc4 44.Kd2 Kb3 45.Nxd3 Bc4 46.Ne5 Be6 47.Kd3 b5 48.Kd4 Kxa3 49.Nd3 Bg4
50.f4 Kb3 51.Nc5+ Ka3 52.Ne4 Be6 53.Nc5 Bf5 54.Nb7 Be6 55.Nd8 Bc4 56.Nc6 Ba2
57.Kc5 Kb3 58.Nb4 Bb1 59.Nd5 Be4 60.Nc7 Kxc3 61.Nxb5+ Kd2 62.Nd6 Bc2 63.Nxf7 Ke3
64.Ne5 Kf2 65.g4 Kg3 66.f5 gxf5 67.g6 f4 68.g7 Bh7  1/2-1/2

[Event "Kilkenny op"]
[Site "Kilkenny"]
[Date "1996.??.??"]
[Round "5"]
[White "Clarke, Thomas"]
[Black "McShane, Luke J"]
[Result "0-1"]
[WhiteElo "2230"]
[BlackElo "2385"]

1.d4 Nf6 2.Bg5 Ne4 3.h4 c6 4.c3 Qb6 5.Qc2 d5 6.e3 f6 7.Bf4 Bf5 8.Qb3 e5 9.Qxb6 axb6
10.dxe5 fxe5 11.Bxe5 Nd7 12.Bf4 Ndc5 13.Na3 Nxc3 14.Be5 N5a4 15.Nf3 Nxb2
16.Bxc3 Bxa3 17.Bxg7 Rg8 18.Be5 Bb4+ 19.Nd2 Nc4 20.Bxc4 dxc4 21.Ke2 Bd3+
22.Kd1 Rxg2 23.Bg3 c3 24.Nb3 c2+ 25.Kc1 Bc3  0-1

[Event "Loures"]
[Site "Loures"]
[Date "1996.??.??"]
[Round "8"]
[White "Fernandes, Antonio"]
[Black "Costa, FJ."]
[Result "1-0"]
[WhiteElo "2410"]
[BlackElo "2175"]

1.d4 Nf6 2.Bg5 Ne4 3.Bh4 d5 4.f3 Nd6 5.Nc3 c6 6.e4 dxe4 7.fxe4 g6 8.Nf3 Bg7
9.Qd2 Nd7 10.Be2 Nb6 11.b3 O-O 12.O-O f5 13.e5 Ne4 14.Nxe4 fxe4 15.Ng5 Rxf1+
16.Rxf1 Bxe5 17.Bf2 c5 18.d5 e6 19.Nf7 Qc7 20.Nh6+ Kg7 21.Be3 Bf6 22.d6 Qd8
23.Ng4 Nd5 24.Bh6+ Kg8 25.Nxf6+ Nxf6 26.Qc3 e5 27.Bc4+  1-0

[Event "RL-ch"]
[Site "Ludwigshafen"]
[Date "1996.??.??"]
[Round "?"]
[White "Kargoll, Peter"]
[Black "Lambert, Andreas"]
[Result "1-0"]
[WhiteElo "2180"]
[BlackElo "2205"]

1.d4 Nf6 2.Bg5 Ne4 3.h4 c5 4.d5 Qb6 5.Nd2 Nxd2 6.Bxd2 Qxb2 7.e4 g6 8.Rb1 Qe5
9.Bd3 Bg7 10.c4 Qc7 11.h5 d6 12.hxg6 hxg6 13.Rxh8+ Bxh8 14.f4 a6 15.Qb3 Nd7
16.Nf3 b5 17.cxb5 c4 18.Bxc4 Nc5 19.b6 Qb7 20.Qe3 Nxe4 21.Nd4 Nf6 22.Nc6 Bf5
23.Rb3 Ng4 24.Qe2 Bf6 25.Na5 Qd7 26.b7 Rb8 27.Bxa6 Bh4+ 28.g3  1-0

[Event "SVK-ch"]
[Site "Martin"]
[Date "1996.??.??"]
[Round "3"]
[White "Drozdov, Alexandre"]
[Black "Kundrik, Peter"]
[Result "1-0"]
[WhiteElo "2265"]
[BlackElo "2120"]

1.d4 Nf6 2.Bg5 Ne4 3.Bf4 g6 4.f3 Nf6 5.e4 d6 6.Bc4 Bg7 7.Nc3 O-O 8.Qd2 c5
9.dxc5 dxc5 10.O-O-O Qxd2+ 11.Rxd2 Nc6 12.Nge2 Nh5 13.Be3 b6 14.f4 Rb8 15.a3 Bb7
16.Rhd1 Rfd8 17.Bd5 Nf6 18.f5 Ng4 19.Bf4 Be5 20.Bxe5 Ncxe5 21.Nf4 Kg7 22.h3 Ne3
23.Re1 N3c4 24.Rde2 Ba6 25.Rf2 Nd6 26.g4 b5 27.g5 b4 28.axb4 Rxb4 29.h4 Rdb8
30.h5 gxf5 31.exf5 Ng4 32.Rf3 Nxf5 33.h6+ Kg8 34.g6 hxg6 35.Nxg6 e6 36.Ne5 Nxe5
37.Rxe5 Rg4 38.b3 Nd4 39.Rf6 exd5 40.Rxa6 Rg2 41.Nxd5 Rxc2+ 42.Kd1 Rh2 43.Nf6+ Kh8
44.Rxa7 Rf8 45.Rxf7 Rxh6 46.Rxf8+ Kg7 47.Nd7  1-0

[Event "Wch U18 Girls"]
[Site "Menorca"]
[Date "1996.??.??"]
[Round "8"]
[White "Tkeshelashvili, Sofia"]
[Black "Shah, Pallavi G"]
[Result "1/2-1/2"]
[WhiteElo "2170"]
[BlackElo "2110"]

1.d4 Nf6 2.Bg5 Ne4 3.Bf4 d5 4.f3 Nf6 5.e4 dxe4 6.Nc3 exf3 7.Nxf3 Bg4 8.Be2 e6
9.Ne5 Bxe2 10.Qxe2 c6 11.Rd1 Be7 12.O-O O-O 13.Bg5 Nd5 14.Bxe7 Nxc3 15.bxc3 Qxe7
16.Rb1 Na6 17.Nxc6 Qc7 18.Ne5 f6 19.Nf3 Qc6 20.Rfd1  1/2-1/2

[Event "Metz op"]
[Site "Metz"]
[Date "1996.??.??"]
[Round "?"]
[White "Jung, Karl Otto"]
[Black "Ragozin, Evgeni"]
[Result "0-1"]
[WhiteElo "2210"]
[BlackElo "2475"]

1.d4 Nf6 2.Bg5 Ne4 3.h4 c5 4.dxc5 Qa5+ 5.Nd2 Nxg5 6.hxg5 g6 7.c3 Qxc5 8.Ngf3 Bg7
9.e3 Nc6 10.Nb3 Qb6 11.Qd2 d6 12.Rh4 Bd7 13.Bc4 Rc8 14.O-O-O Nd8 15.Bd5 a5
16.Rc4 h5 17.Rxc8 Bxc8 18.Nh4 a4 19.Nd4 a3 20.b4 Bd7 21.Bb3 Nc6 22.f4 Bg4
23.Re1 e6 24.Qd3 d5 25.Nxg6 Nxd4 26.exd4 fxg6 27.Qxg6+ Kf8 28.f5 Qc7 29.Qxe6 Qxc3+
30.Bc2 Qb2+ 31.Kd2 Qxd4+ 32.Kc1 Qb2+ 33.Kd2 Qxb4+ 34.Kc1 Bb2+ 35.Kb1 Bd4+  0-1

[Event "Minsk"]
[Site "Minsk"]
[Date "1996.??.??"]
[Round "1"]
[White "Aleksandrov, Aleksej"]
[Black "Fedorov, Alexei"]
[Result "1-0"]
[WhiteElo "2535"]
[BlackElo "2540"]

1.d4 Nf6 2.Bg5 Ne4 3.Bh4 g5 4.Bg3 Nxg3 5.hxg3 Bg7 6.c3 d5 7.Qc2 h6 8.Nd2 c5
9.e3 Nc6 10.f4 cxd4 11.cxd4 O-O 12.Bb5 Bg4 13.Ngf3 Rc8 14.Qa4 a6 15.Bd3 gxf4
16.gxf4 Qb6 17.a3 f6 18.f5 e6 19.fxe6 Rce8 20.Qb3 Qxb3 21.Nxb3 Rxe6 22.Kf2 f5
23.g3 h5 24.Nh4 Nd8 25.Nc5 f4 26.gxf4 Rxf4+ 27.exf4 Bxd4+ 28.Kg2 Bxc5 29.Rac1 Rc6
30.Rhe1 Ne6 31.Ng6 Kg7 32.f5 Ng5 33.Ne5 Bh3+ 34.Kh1 Rc8 35.b4 Bf2 36.Rxc8 Bxe1
37.Ng6 Ne4 38.Bxe4 dxe4 39.Ne5 e3 40.Nf3 Bf2 41.Rc5 Kf7 42.Re5 b5 43.Kh2 Bg4
44.Kg2 Kf6 45.Re6+ Kxf5 46.Rxa6 Bg3  1-0

[Event "Minsk op"]
[Site "Minsk"]
[Date "1996.??.??"]
[Round "7"]
[White "Berezjuk, Sergej"]
[Black "Timoshenko, Georgy"]
[Result "1/2-1/2"]
[WhiteElo "2425"]
[BlackElo "2500"]

1.d4 Nf6 2.Bg5 Ne4 3.Bf4 d5 4.Nd2 Nxd2 5.Qxd2 e6 6.e3 Bd6 7.Nf3 b6 8.O-O-O O-O
9.h4 c5 10.e4 c4 11.e5 Be7 12.Rh3 Nc6 13.Rg3 Kh8 14.Bg5 f6 15.exf6 gxf6 16.Bf4 b5
17.Kb1 Bd7 18.h5 Rg8 19.Be2 Rxg3 20.Bxg3 Qg8 21.Rh1 Be8 22.Qf4 Rc8 23.Bh4 Qg7
24.Qe3 Bd7 25.g4 h6 26.Bg3 Bf8 27.Nh4 Ne7 28.Bd6 Kg8 29.f4 Kf7 30.Bc5 a5
31.Rg1 Ke8 32.a3 Rc6 33.Bf3 Qf7 34.Re1 Kd8 35.Qd2 Ra6 36.Qe3 Nc8 37.Bxf8 Qxf8
38.Ng6 Qd6 39.f5 exf5 40.Qxh6 fxg4 41.Bg2 b4 42.Qf4 Qxf4 43.Nxf4 Ne7 44.h6 Bf5
45.Bxd5 Nxd5 46.Nxd5 b3 47.Kc1 bxc2 48.Ne3 Re6 49.Nxc2 Rxe1+ 50.Nxe1 Ke7
51.Kd2 Kf7 52.Ke3 Kg6 53.Kf4 Bd7 54.Ng2 Kxh6 55.d5 Kh5 56.d6 a4 57.Ne3 Kh4
58.Nf5+ Kh5 59.Ng3+ Kg6 60.Ne4 Kf7 61.Nc5 Ke8 62.Ne4 Kf7 63.Nc5 Ke8 64.Ne4 f5
65.Ng3 Kd8 66.Nf1 Kc8 67.Ne3 Kb7 68.Nxc4 Kc6 69.Nd2 Kxd6 70.b3 axb3 71.Nxb3 Kd5
72.Nd2 Kd4 73.Nf1 Kc3 74.Ng3 Kb3 75.Nh5 Kxa3 76.Nf6 Be6 77.Nh5 Kb2 78.Ng3 Kc3
79.Nh5 Kd2 80.Kg3 Ke3 81.Nf4 Bf7 82.Ng2+ Ke4 83.Nf4 Bb3 84.Ng2 Bd1 85.Nf4 Bf3
86.Nh5  1/2-1/2

[Event "Mondariz op"]
[Site "Mondariz"]
[Date "1996.??.??"]
[Round "?"]
[White "Fernandez Siles, Luis"]
[Black "Nedobora, Mikhail"]
[Result "1/2-1/2"]
[WhiteElo "2260"]
[BlackElo "2465"]

1.d4 Nf6 2.Bg5 Ne4 3.h4 c5 4.d5 Qb6 5.Nd2 Nxg5 6.hxg5 g6 7.e4 d6 8.Nc4 Qc7
9.a4 Bg7 10.c3 Nd7 11.f4 O-O 12.Qf3 Re8 13.Bd3 e6 14.Ne2 exd5 15.exd5 Nb6
16.g4 Nxc4 17.Bxc4 Qe7 18.Bd3 Bd7 19.Kd2 Rac8 20.b3 c4 21.bxc4 f5 22.gxf5 Bxf5
23.Bxf5 gxf5 24.Rae1 Rxc4 25.Nd4 Qf7 26.Rxe8+ Qxe8 27.Qh3 h5 28.Re1 Qf7 29.Re6 Bxd4
30.g6 Qd7 31.Qxh5 Bxc3+ 32.Kd3 Rc8 33.Rxd6 Qc7 34.Qxf5 Qc4+ 35.Ke3 Re8+ 36.Re6 Bd4+
37.Kf3 Rf8 38.Re8 Qf1+ 39.Kg4 Qg2+ 40.Kh5 Qf3+ 41.Kg5 Qg2+ 42.Kh6 Bg7+ 43.Kh5 Qe2+
44.Rxe2 Rxf5+ 45.Kg4 Rxd5 46.Re7 Rd6 47.f5 Bf6 48.Rxb7 a5 49.Ra7 Rd4+ 50.Kf3 Rxa4
51.Ra8+ Kg7 52.Ra7+  1/2-1/2

[Event "Mondariz op"]
[Site "Mondariz"]
[Date "1996.??.??"]
[Round "?"]
[White "Martinez, Fernando"]
[Black "Paramos Dominguez, Roberto"]
[Result "0-1"]
[WhiteElo "2185"]
[BlackElo "2410"]

1.d4 Nf6 2.Bg5 Ne4 3.Bf4 c5 4.f3 Qa5+ 5.c3 Nf6 6.Nd2 cxd4 7.Nb3 Qf5 8.Bxb8 Rxb8
9.Nxd4 Qa5 10.e4 a6 11.Bc4 e6 12.Nb3 Qc7 13.Qe2 d5 14.Bd3 Bd6 15.g3 O-O 16.Nh3 dxe4
17.Bxe4 Nxe4 18.Qxe4 h6 19.Kf2 b5 20.Rhe1 Bb7 21.Qe2 Rfd8 22.Rad1 Bd5 23.Kg2 b4
24.cxb4 Bxb4 25.Rc1 Qb6 26.Red1 Bd6 27.Rd3 a5 28.Nf4 Bxf4 29.gxf4 a4 30.Nc5 Qxb2
31.Rc2 Qf6 32.Qe5 Qg6+ 33.Kf2 Rb1 34.Ne4 Qg1+  0-1

[Event "Moravia-ch op"]
[Site "Moravia"]
[Date "1996.??.??"]
[Round "?"]
[White "Drozdov, Alexandre"]
[Black "Kurochkin, Victor"]
[Result "0-1"]
[WhiteElo "2265"]
[BlackElo "2350"]

1.d4 Nf6 2.Bg5 Ne4 3.Bf4 c5 4.f3 Qa5+ 5.c3 Nf6 6.d5 d6 7.e4 g6 8.Bd3 Bg7
9.Ne2 Nbd7 10.Nd2 Rb8 11.O-O O-O 12.Bg3 Qc7 13.f4 b5 14.Nf3 c4 15.Bc2 Nc5
16.e5 Ng4 17.exd6 exd6 18.Qd2 Re8 19.Ned4 Bd7 20.Rae1 Nf6 21.f5 Nce4 22.Bxe4 Nxe4
23.Qf4 Nxg3 24.hxg3 Rxe1 25.Rxe1 Re8 26.Rxe8+ Bxe8 27.Qe4 Bd7 28.g4 Qd8 29.Nc6 Qe8
30.Qxe8+ Bxe8 31.Nxa7 Bd7 32.Nc6 Kf8 33.Nfd4 Bxd4+ 34.Nxd4 Ke7 35.fxg6 hxg6
36.g5 f6 37.gxf6+ Kxf6 38.Kf2 Ke5 39.Ke3 Kxd5  0-1

[Event "Moravia-ch op"]
[Site "Moravia"]
[Date "1996.??.??"]
[Round "?"]
[White "Drozdov, Alexandre"]
[Black "Polak, Tomas"]
[Result "0-1"]
[WhiteElo "2265"]
[BlackElo "2440"]

1.d4 Nf6 2.Bg5 Ne4 3.Bf4 d5 4.f3 Nf6 5.Nd2 Bf5 6.e3 e6 7.Ne2 c5 8.dxc5 Bxc5
9.Nd4 Bg6 10.N2b3 Bb6 11.a4 a6 12.Bd3 O-O 13.Kf2 Re8 14.Bxg6 hxg6 15.Bg3 e5
16.Ne2 Nc6 17.Re1 Ne7 18.a5 Bc7 19.Bh4 Nf5 20.Bxf6 Qxf6 21.Nc3 e4 22.f4 d4
23.Nxd4 Rad8 24.g3 g5 25.fxg5 Qxg5 26.Qc1 Nxg3 27.hxg3 Qxg3+ 28.Ke2 Rxd4
29.Rg1 Qg2+  0-1